000 00700cam a22002413a 4500
001 19665
003 PGUSA
005 20140828083421.0
008 061030s2006||||xxu|||||s|||||000 | eng d
040 _aPGUSA
_beng
042 _adc
050 4 _aDS
100 1 _aCooper, Elizabeth,
_d1877-1945
245 1 0 _aMy Lady of the Chinese Courtyard
_h[electronic resource] /
_cElizabeth Cooper
260 _bProject Gutenberg,
_c2006
506 _aPublic domain in the USA.
516 _aElectronic text
653 _aChina -- Social life and customs -- 1644-1912
653 _aWomen -- China
830 0 _aProject Gutenberg
_v19665
856 4 0 _uhttp://www.gutenberg.org/ebooks/19665
942 _cEB
999 _c248920
_d248920